| 000 | 00774nam a2200301 a 4500 | ||
|---|---|---|---|
| 003 | AR-BaBNM | ||
| 005 | 20251128210906.0 | ||
| 008 | 082120s2002 ||||||||||||||000 | spa|| | ||
| 020 | _a987-9216-68-7 | ||
| 040 | _cAR-BaBNM | ||
| 245 | 0 | 0 | _aLos mejores relatos patagónicos |
| 250 | _a1ª ed. | ||
| 260 |
_aBuenos Aires _bAmeghino Editora _c1998 |
||
| 300 | _a204 p. | ||
| 500 | _aContiene referencias bibliográficas | ||
| 650 | 4 | _aLITERATURA ARGENTINA | |
| 650 | 4 | _aCUENTOS | |
| 650 | 4 | _aANTOLOGIAS | |
| 650 | 4 | _aESCRITORES | |
| 651 | 4 | _aArgentina | |
| 651 | 4 | _aPatagonia | |
| 653 | _aNARRATIVA | ||
| 655 | _aLITERATURA | ||
| 700 | 1 |
_aCorreas, María Eugenia _ecompilador |
|
| 700 | 1 |
_aAliaga, Cristian _ecompilador |
|
| 942 | _cBK | ||
| 998 | _cMARTIN | ||
| 999 |
_c17329 _d17329 |
||